[Event "Budapest FS02 IM-A"]
[Site "Budapest"]
[Date "2000.02.15"]
[Round "11"]
[White "Woolridge, Leon M"]
[Black "Kahn, Evarth"]
[Result "0-1"]
[WhiteElo "2185"]
[BlackElo "2301"]
[PlyCount "106"]
[EventDate "2000.02.05"]
[EventType "tourn"]
[EventRounds "13"]
[EventCountry "HUN"]
[EventCategory "2"]
[SourceTitle "CBM 074 Extra"]
[Source "ChessBase"]
[SourceDate "2000.03.10"]
[SourceVersion "2"]
[SourceVersionDate "2000.03.10"]
[SourceQuality "1"]

1. e4 c5 2. Nf3 d6 3. d4 cxd4 4. Nxd4 Nf6 5. Nc3 g6 6. Be3 Bg7 7. f3 0-0 8. Qd2 Nc6 9. 0-0-0 Be6 10. h4 Nxd4 11. Bxd4 Qa5 12. a3 Rfc8 13. g4 Rab8 14. h5 b5 15. hxg6 hxg6 16. Nd5 Qxd2+ 17. Rxd2 Nxd5 18. Bxg7 Kxg7 19. exd5 Bd7 20. Rdh2 Kf6 21. Rh7 b4 22. Be2 bxa3 23. bxa3 e6 24. g5+ Ke7 25. Bd3 Rg8 26. Re1 Rbc8 27. Kd2 Rc5 28. dxe6 Bxe6 29. f4 Kd8 30. Rb1 Kc7 31. Rb5 Rxb5 32. Bxb5 Kb6 33. Bd3 Ka5 34. Rh1 Ka4 35. Rb1 a5 36. c4 Rh8 37. Kc3 Rh3 38. Rb5 Bf5 39. Rd5 Rxd3+ 40. Rxd3 Bxd3 41. Kxd3 Kxa3 42. Ke4 Kb4 43. Kd5 a4 44. Kxd6 Kxc4 45. Ke7 a3 46. Kxf7 a2 47. Kxg6 a1Q 48. f5 Kd5 49. f6 Ke6 50. Kg7 Qa7+ 51. Kh8 Qf7 52. g6 Qxg6 53. f7 Qh5+ 0-1

[Event "Budapest FS02 IM-A"]
[Site "Budapest"]
[Date "2000.02.11"]
[Round "7"]
[White "Woolridge, Leon M"]
[Black "Szeberenyi, Adam"]
[Result "0-1"]
[WhiteElo "2185"]
[BlackElo "2257"]
[PlyCount "90"]
[EventDate "2000.02.05"]
[EventType "tourn"]
[EventRounds "13"]
[EventCountry "HUN"]
[EventCategory "2"]
[SourceTitle "CBM 074 Extra"]
[Source "ChessBase"]
[SourceDate "2000.03.10"]
[SourceVersion "2"]
[SourceVersionDate "2000.03.10"]
[SourceQuality "1"]

1. d4 Nf6 2. c4 g6 3. Nc3 d5 4. cxd5 Nxd5 5. e4 Nxc3 6. bxc3 Bg7 7. Bc4 0-0 8. Ne2 c5 9. 0-0 Nc6 10. Be3 Bg4 11. f3 Bd7 12. a4 Rc8 13. Ba2 Na5 14. Ng3 Qe8 15. e5 cxd4 16. Bxd4 Nc4 17. Qe2 Be6 18. Ne4 Bd5 19. Nc5 b6 20. Nd3 e6 21. Bb1 Na5 22. Bc2 Qe7 23. Rfe1 Rfd8 24. Nf2 Qc7 25. Ng4 Nc6 26. Bf2 Qe7 27. Qe3 h5 28. Nh6+ Kh7 29. Nxf7 Qxf7 30. Qg5 Bh6 31. Qxh5 Kg7 32. Qg4 Ne7 33. Bh4 Rd7 34. Bf6+ Kh7 35. Bxe7 Rxe7 36. Ra3 Rec7 37. Qd4 Bf8 38. Qh4+ Kg7 39. Raa1 Rxc3 40. Be4 Be7 41. Qg3 Bxe4 42. Rxe4 Rc1+ 43. Rxc1 Rxc1+ 44. Kf2 Bc5+ 45. Ke2 Qd7 0-1

[Event "Budapest FS02 IM-A"]
[Site "Budapest"]
[Date "2000.02.09"]
[Round "5"]
[White "Woolridge, Leon M"]
[Black "Yu, Mingyuan"]
[Result "0-1"]
[WhiteElo "2185"]
[BlackElo "2419"]
[PlyCount "64"]
[EventDate "2000.02.05"]
[EventType "tourn"]
[EventRounds "13"]
[EventCountry "HUN"]
[EventCategory "2"]
[SourceTitle "CBM 074 Extra"]
[Source "ChessBase"]
[SourceDate "2000.03.10"]
[SourceVersion "2"]
[SourceVersionDate "2000.03.10"]
[SourceQuality "1"]

1. d4 Nf6 2. c4 c5 3. d5 e6 4. Nc3 exd5 5. cxd5 d6 6. e4 g6 7. f4 Bg7 8. Bb5+ Nfd7 9. a4 0-0 10. Nf3 Na6 11. 0-0 Nc7 12. Bd3 a6 13. Be3 Rb8 14. a5 b5 15. axb6 Rxb6 16. Qe2 Rb4 17. Rab1 Re8 18. Bf2 Nf6 19. Bh4 Qd7 20. Ne5 dxe5 21. fxe5 Nh5 22. e6 fxe6 23. g4 Bd4+ 24. Kg2 exd5 25. h3 Ng7 26. Bf6 Bxf6 27. Rxf6 c4 28. Qf2 cxd3 29. Rf1 Qd8 30. exd5 Nxd5 31. Rd6 Qxd6 32. Qf7+ Kh8 0-1

[Event "Budapest FS02 IM-A"]
[Site "Budapest"]
[Date "2000.02.08"]
[Round "4"]
[White "Balogh, Csaba"]
[Black "Woolridge, Leon M"]
[Result "1-0"]
[WhiteElo "2356"]
[BlackElo "2185"]
[PlyCount "91"]
[EventDate "2000.02.05"]
[EventType "tourn"]
[EventRounds "13"]
[EventCountry "HUN"]
[EventCategory "2"]
[SourceTitle "CBM 074 Extra"]
[Source "ChessBase"]
[SourceDate "2000.03.10"]
[SourceVersion "2"]
[SourceVersionDate "2000.03.10"]
[SourceQuality "1"]

1. e4 e6 2. d4 d5 3. Nc3 Bb4 4. e5 c5 5. a3 Bxc3+ 6. bxc3 Ne7 7. Qg4 Qc7 8. Bd3 c4 9. Be2 Nf5 10. Qh3 Nd7 11. Nf3 Nb6 12. g4 Ne7 13. Ng5 Ng6 14. f4 h6 15. Nf3 Bd7 16. 0-0 Na4 17. Ne1 0-0-0 18. Bd2 f6 19. Ng2 Nf8 20. Qg3 Nh7 21. Nh4 Be8 22. Nf3 g5 23. f5 exf5 24. gxf5 g4 25. Ne1 h5 26. Ng2 Ng5 27. Bxg5 fxg5 28. Rab1 h4 29. Qe3 Bh5 30. Rb4 h3 31. Ne1 b5 32. Rxb5 g3 33. Bxh5 g2 34. Rf3 Rxh5 35. Rxh3 Qh7 36. Rxh5 Qxh5 37. e6 Nb6 38. Qe5 Qe8 39. Rc5+ Kb7 40. f6 Ka6 41. f7 Qe7 42. Rc7 Qf8 43. Nxg2 Rb8 44. Rc6 Rb7 45. Qd6 Re7 46. Rc8 1-0

[Event "Budapest FS02 IM-A"]
[Site "Budapest"]
[Date "2000.02.05"]
[Round "1"]
[White "Woolridge, Leon M"]
[Black "Froehlich, Peter"]
[Result "0-1"]
[WhiteElo "2185"]
[BlackElo "2375"]
[PlyCount "52"]
[EventDate "2000.02.05"]
[EventType "tourn"]
[EventRounds "13"]
[EventCountry "HUN"]
[EventCategory "2"]
[SourceTitle "CBM 074 Extra"]
[Source "ChessBase"]
[SourceDate "2000.03.10"]
[SourceVersion "2"]
[SourceVersionDate "2000.03.10"]
[SourceQuality "1"]

1. d4 Nf6 2. c4 e6 3. Nc3 Bb4 4. Qc2 d5 5. Bg5 c5 6. a3 Bxc3+ 7. Qxc3 cxd4 8. Qxd4 Nc6 9. Qd1 h6 10. Bh4 g5 11. Bg3 Ne4 12. b4 h5 13. Nf3 Qf6 14. Rc1 h4 15. Bc7 g4 16. cxd5 gxf3 17. gxf3 Nc3 18. Qd2 Nxd5 19. Bd6 Rg8 20. f4 Qd4 21. Qc2 Bd7 22. b5 Nce7 23. Bc5 Qxf4 24. e4 Nf6 25. Bxe7 Kxe7 26. Qc5+ Ke8 0-1

[Event "White Rose Int 2nd"]
[Site "York"]
[Date "2000.01.31"]
[Round "8"]
[White "Saunders, John C"]
[Black "Woolridge, Leon M"]
[Result "1-0"]
[WhiteElo "2200"]
[BlackElo "2185"]
[PlyCount "71"]
[EventDate "2000.01.24"]
[EventType "tourn"]
[EventRounds "9"]
[EventCountry "ENG"]
[EventCategory "1"]
[SourceTitle "CBM 074 Extra"]
[Source "ChessBase"]
[SourceDate "2000.03.10"]
[SourceVersion "2"]
[SourceVersionDate "2000.03.10"]
[SourceQuality "1"]

1. e4 e6 2. d4 d5 3. e5 c5 4. c3 Nc6 5. Nf3 Qb6 6. a3 c4 7. Be2 f6 8. exf6 gxf6 9. Nh4 Bd7 10. Bh5+ Kd8 11. 0-0 Bd6 12. Re1 Kc7 13. Nd2 Nge7 14. b3 cxb3 15. Nxb3 Ng6 16. Nf3 Na5 17. Nxa5 Qxa5 18. g3 Rae8 19. Bd2 Qa4 20. Qc1 Rhg8 21. Be3 Kb8 22. Qb2 Bc6 23. Reb1 Re7 24. Ne1 e5 25. Nd3 Nf4 26. Bxf4 exf4 27. Nb4 fxg3 28. hxg3 f5 29. Kg2 f4 30. Bd1 Qb5 31. a4 Qc4 32. Bb3 f3+ 33. Kg1 Qe2 34. Nxc6+ bxc6 35. Bxd5+ Kc8 36. Qxe2 1-0

[Event "White Rose Int 2nd"]
[Site "York"]
[Date "2000.01.27"]
[Round "4"]
[White "Woolridge, Leon M"]
[Black "Benitah, Yohan"]
[Result "1/2-1/2"]
[WhiteElo "2185"]
[BlackElo "2397"]
[PlyCount "134"]
[EventDate "2000.01.24"]
[EventType "tourn"]
[EventRounds "9"]
[EventCountry "ENG"]
[EventCategory "1"]
[SourceTitle "CBM 074 Extra"]
[Source "ChessBase"]
[SourceDate "2000.03.10"]
[SourceVersion "2"]
[SourceVersionDate "2000.03.10"]
[SourceQuality "1"]

1. Nf3 Nf6 2. c4 g6 3. Nc3 c5 4. e4 Nc6 5. d4 cxd4 6. Nxd4 Nxd4 7. Qxd4 d6 8. Be3 Bg7 9. h3 0-0 10. Qd2 Be6 11. Rc1 Rc8 12. b3 a6 13. Bd3 b5 14. cxb5 axb5 15. 0-0 d5 16. Nxd5 Nxd5 17. Rxc8 Bxc8 18. exd5 Qxd5 19. Be2 Qb7 20. Qa5 Bd7 21. Bf3 Bc6 22. Bxc6 Qxc6 23. Rc1 Qd7 24. Qc7 Qe6 25. Qc6 Qe5 26. Qc5 Qb2 27. a4 bxa4 28. bxa4 f5 29. a5 Kh8 30. Qb6 f4 31. Bxf4 Bd4 32. Qxb2 Bxb2 33. Rc4 Ra8 34. Ra4 Ra6 35. Bc7 Kg7 36. Rb4 Bc3 37. Rb3 Bd4 38. Bb6 Be5 39. Kf1 Kf7 40. Ke2 Ke6 41. Kd3 Kd7 42. Ke4 Ke6 43. f4 Bd6 44. Rb5 Ra8 45. Bc5 Bc7 46. Rb7 Bd8 47. Bb4 Bxa5 48. Bxe7 h5 49. Bc5 Bd8 50. Ra7 Rc8 51. Ra6+ Kf7 52. Ra7+ Ke6 53. Ra6+ Kf7 54. Bd4 Rc2 55. Kf3 Rc4 56. Be5 Rb4 57. Ra7+ Ke6 58. Rg7 Rb3+ 59. Ke4 Rg3 60. Rxg6+ Rxg6 61. f5+ Kf7 62. fxg6+ Kxg6 63. Bg3 Be7 64. Ke5 Ba3 65. Bh4 Bb4 66. Ke6 Ba3 67. Be7 Bb2 1/2-1/2